Supply chain logistics management / (Record no. 100285)
[ view plain ]
| 000 -LEADER | |
|---|---|
| fixed length control field | 00897nam a22002657a 4500 |
| 005 - DATE AND TIME OF LATEST TRANSACTION | |
| control field | 20160613113933.0 |
| 010 ## - LCCN (DPL NO) | |
| LC control number | ENG-115271 |
| 020 ## - INTERNATIONAL STANDARD BOOK NUMBER | |
| International Standard Book Number | 9789352602001 |
| Terms of availability | 715.00 |
| 020 ## - INTERNATIONAL STANDARD BOOK NUMBER | |
| International Standard Book Number | 9352602005 |
| Terms of availability | 715.00 |
| 035 ## - SYSTEM CONTROL NUMBER | |
| System control number | EN-98803 |
| 037 ## - SOURCE OF ACQUISITION | |
| Source of stock number/acquisition | DBAD/PUB |
| 082 ## - DEWEY DECIMAL CLASSIFICATION NUMBER | |
| Classification number | 658.7 |
| 100 ## - MAIN ENTRY--PERSONAL NAME | |
| Personal name | Bowersox, Donald J. |
| 245 ## - TITLE STATEMENT | |
| Title | Supply chain logistics management / |
| Statement of responsibility, etc | by Donald J. Bowersox, David J. Closs [and] M. Bixby Cooper |
| 250 ## - EDITION STATEMENT | |
| Edition statement | 3rd ed |
| 260 ## - PUBLICATION, DISTRIBUTION, ETC. (IMPRINT) | |
| Place of publication, distribution, etc | New Dellhi |
| Name of publisher, distributor, etc | McGraw Hill Education |
| Date of publication, distribution, etc | 2016 |
| 270 ## - ADDRESS | |
| Address | P-25,Green Park Extension |
| City | New Delhi |
| Postal code | 110016 |
| 300 ## - PHYSICAL DESCRIPTION | |
| Extent | xiv, 498p : |
| Other physical details | ill . |
| Dimensions | 27cm(pbk) |
| 490 ## - SERIES STATEMENT | |
| Series statement | The McGraw-Hill/Irwin series operations and decision sciences |
| 500 ## - GENERAL NOTE | |
| General note | Includes bibliographical references and index. |
| 650 ## - SUBJECT ADDED ENTRY--TOPICAL TERM | |
| Topical term or geographic name as entry element | Business logistics. |
| 700 ## - ADDED ENTRY--PERSONAL NAME | |
| Personal name | Closs, David J. |
| 700 ## - ADDED ENTRY--PERSONAL NAME | |
| Personal name | Cooper, M. Bixby |
| 942 ## - ADDED ENTRY ELEMENTS (KOHA) | |
| Source of classification or shelving scheme | Dewey Decimal Classification |
| Item type | English Books |
| Call number suffix | BOW |
| Classification part | 658.7 |
| Withdrawn status | Lost status | Not for loan | Collection code | Home library | Current library | Date acquired | Source of acquisition | Cost, normal purchase price | Full call number | Barcode | Copy number | Cost, replacement price | Koha item type |
|---|---|---|---|---|---|---|---|---|---|---|---|---|---|
| Not For Loan | Non-fiction | D.B.Act.Division | D.B.Act.Division | 13/06/2016 | DBAD/PUB | 715.00 | 658.7 BOW | EN-98803 | 1 | 715.00 | English Books |
